000 00903nam a2200265 i 4500
003 DO-SdBNP
005 20250120110508.0
007 ta
008 240226s2023 dr c 000 j spa d
020 _a9789945186956
040 _aDO-SdBNP
_bspa
_cBNPHU
_erda
082 _bS237
_222
100 1 _aSantos, Rafael,
_d1968-
_943510
245 1 0 _aIncidencia del dominicano en el desarrollo de Lawrence :
_b15 historias para leer /
_cRafael Santos ; presentación Enrique García
264 1 _aSanto Domingo :
_bSantuario,
_c2023.
300 _a87 páginas,
_bretratos
_c23 cm.
336 _2rdacontent
_atexto
_btxt
337 _2rdamedia
_asin mediación
_bn
338 _2rdacarrier
_avolumen
_bnc
500 _aIncluye datos biografícos del autor en las solapas.
590 _aInventariado, 2024/ YL
700 1 _aGarcía, Enrique
_epresentación
_985095
910 _aYLockward
942 _2ddc
_cLBS1
999 _c56200
_d56200